La cámara lúcida. Nota sobre la fotografía.

Uloženo v:
Podrobná bibliografie
Hlavní autor: Barthes, Roland (autor)
Médium: Kniha
Jazyk:španělština
Vydáno: Barcelona, España: Paidós, 1989.
Edice:Paidós Comunicación,
Témata:
Tagy: Přidat tag
Žádné tagy, Buďte první, kdo vytvoří štítek k tomuto záznamu!

MARC

LEADER 00000cam a2200000 a 4500
001 UCH1165
003 CL-VaPUC
005 20250321101928.0
008 090409t20070000AG |||||||||||||||||spa|d
999 |c 446699  |d 446697 
020 |a 978-7509-621-6 
040 |c Pontificia Universidad Católica de Valparaíso 
082 0 4 |a 770.1 BAR 1989  |2 21 
100 |a Barthes, Roland  |e autor  |9 265510 
245 1 3 |a La cámara lúcida.  |b Nota sobre la fotografía. 
260 |a Barcelona, España:  |b Paidós,  |c 1989. 
300 |a 188 páginas:  |b fotografías. 
490 0 |a Paidós Comunicación,  |n  43. 
500 |a c.1: Instituto Arcos. 08-01-2025 
583 |a last modification  |c 20190402 12:41:33  |k Yessy Sthefany Diaz Vidal 
650 0 |a Fotografía artística  |9 269391  |v Aspectos filosóficos  
942 |c BK  |2 ddc  |n 0 
945 |d 20090409 00:00:00  |a cmena 
952 |0 0  |1 0  |2 ddc  |4 0  |6 770_100000000000000_BAR_1989  |7 0  |8 A  |9 599630  |a BIBINC  |b BIBINC  |d 2025-01-21  |e Instituto Arcos  |i 5664496  |l 1  |o 770.1 BAR 1989  |p 5664496  |r 2025-04-25  |s 2025-04-21  |t 1  |w 2025-01-21  |y BK  |k IFP